Statistics for 山手線の駅かつ急行停車駅

Click here to take the quiz!

General Stats

  • This quiz has been taken 96 times
  • The average score is 9 of 11

Answer Stats

主な急行の行き先駅名% Correct
急行羽田空港第1・第2ターミナル行き品川
100%
急行中央林間行き渋谷
99%
急行唐木田行き新宿
99%
急行飯能行き池袋
96%
急行向ヶ丘遊園行き原宿
87%
急行新横浜行き目黒
87%
急行拝島行き高田馬場
84%
急行海老名行き巣鴨
73%
急行新横浜行き駒込
66%
通勤急行大阪梅田行き三宮
45%
急行三田行き湊川公園
26%

Score Distribution

Percentile by Number Answered

Percent of People with Each Score

Your Score History

You have not taken this quiz